=LDR 00000nam 2200000 4500 =001 INLIS000000000023158 =005 20130612121836 =008 ***********************************Ind** =035 ##$$0010-061300000023158 =041 ##$$a Ind =082 ##$$a 633.88 =090 ##$$a 633.88, Luc-m =100 ##$$a Lucas, Richard =245 ##$$a Mujijat tanaman untuk kehidupan sehari-hari, Richard Lucas =260 ##$$a Dahara $b Jakarta =300 ##$$a 271 hlm., 20,5 cm =650 ##$$a kasiat tanaman =850 ##$$a NBPNMAT